000 00623nam a2200229Ia 4500
003 OSt
005 20220928105000.0
006 a|||||r|||| 00| 0
007 ta
008 220927b |||||||| |||| 00| 0 eng d
024 _a52586
037 _cTextual
040 _aSDCL
_cSDCL
_beng
041 _2eng
_aeng
082 _aO157,1M61:g, 152K3
100 _aDiwedi Hajari Prasad
_9413152
245 0 _aMritunjay Ravindra.
260 _aMombay
_bHindi Garnth Ratnakar
_c1963
300 _a320p.
_ccm.
942 _hO157,1M61:g, 152K3
_cTEXL
_2CC
999 _c728922
_d728922